| 000 | 00927nac a22002897a 4500 | ||
|---|---|---|---|
| 001 | BR7316078 | ||
| 003 | BR-BrBNA | ||
| 005 | 20240105113651.0 | ||
| 008 | 230509b bl.|||m| |||| 00| 0 por d | ||
| 040 |
_aBR-BrBNA _bpor _cBiblioteca Nacional de Agricultura |
||
| 072 | _aF25 | ||
| 090 | _a3801 BR7316078 | ||
| 100 | 1 | _aOliveira, G. de | |
| 100 | 1 | _aPowers, E.T. | |
| 110 | 1 |
_aSuperintendencia do Desenvolvimento do Nordeste, Recife, PE (Brasil). Depto. de Industrializacao _910007 |
|
| 245 | 1 | _aUm programa de fertilizantes quimicos para o nordeste [Brasil] | |
| 260 | 3 |
_aRecife, PE (Brasil): _c1971. |
|
| 300 | _a115 p. | ||
| 490 |
_aBrasil. SUDENE. Industrializacao (Brazil) _vno. 9 _x |
||
| 500 | _a10 illus.; 6 tables; 9 ref. | ||
| 650 | _aFERTILIZANTE | ||
| 650 | _aDEMANDA | ||
| 650 | _aCONSUMO | ||
| 650 | _aREGIAO NORDESTE | ||
| 909 |
_a202312 _bLúcia Elande _c55 _dLúcia Elande |
||
| 942 |
_2AGRIS _n0 _cMS |
||
| 999 |
_c264884 _d264884 |
||